[Event "XXXIV Memorial Edoardo Crespi B"]
[Site "Milano ITA"]
[Date "2013.12.07"]
[Round "5"]
[White "Giovarruscio, Gabriele"]
[Black "Bianchi, Angelo Massimo"]
[WhiteElo "1683"]
[BlackElo "1783"]
[Result "0-1"]
[PlyCount "118"]
[EventDate "2013.12.04"]

1. d4 Nf6 2. c4 g6 3. Nf3 Bg7 4. g3 O-O 5. Bg2 c5 6. d5 d6 7. Nc3 Nbd7 8. O-O
Nb6 9. Nd2 Bd7 10. h3 Qc8 11. Kh2 e6 12. e4 exd5 13. cxd5 Qe8 14. a4 Rb8 15. a5
Na8 16. Nc4 Qe7 17. Bf4 Ne8 18. Re1 g5 19. Bd2 b5 20. axb6 Nxb6 21. b3 Nxc4 22.
bxc4 Rb4 23. Bf1 Rb7 24. Ra3 Bd4 25. Be3 Qf6 26. Bxd4 cxd4 27. Ne2 Qxf2+ 28.
Bg2 Qf6 29. Nxd4 Rb2 30. Nc2 Ng7 31. Qd4 Qxd4 32. Nxd4 Rb7 33. Rea1 Ra8 34. g4
f6 35. Bf1 Rb2+ 36. Kg3 h5 37. Nf5 Nxf5+ 38. exf5 h4+ 39. Kf3 Rb7 40. Bd3 Kf7
41. Ra6 Ke7 42. Re1+ Kf7 43. Rxd6 a5 44. c5 Be8 45. Ree6 a4 46. Rxf6+ Kg8 47.
Ra6 Rxa6 48. Rxa6 Rb3 49. Ke4 Rxd3 50. Rg6+ Bxg6 51. Kxd3 Bf7 52. d6 Be8 53.
Kc4 Bc6 54. Kb4 Kf7 55. Ka3 Kf6 56. Kb4 Ke5 57. Ka3 Kd5 58. Kb4 Bd7 59. Ka3
Kxc5 0-1

[Event "XXXIV Memorial Edoardo Crespi B"]
[Site "Milano ITA"]
[Date "2013.12.07"]
[Round "5"]
[White "Gorini, Michele"]
[Black "Figini, Vittorio"]
[WhiteElo "1486"]
[BlackElo "1468"]
[Result "1-0"]
[PlyCount "73"]
[EventDate "2013.12.04"]

1. Nf3 c5 2. g3 Nc6 3. Bg2 Nf6 4. c4 a6 5. Nc3 d6 6. O-O g6 7. d3 Bg7 8. Bd2 e6
9. Qc1 O-O 10. Bg5 Qc7 11. Re1 Rb8 12. Rb1 b5 13. Bxf6 Bxf6 14. Ne4 Qe7 15.
Nxf6+ Qxf6 16. Qh6 Qg7 17. Qxg7+ Kxg7 18. Ng5 Bb7 19. Ne4 Rfd8 20. Nc3 b4 21.
Ne4 Ne7 22. b3 d5 23. Nxc5 Bc8 24. d4 dxc4 25. bxc4 Rxd4 26. Rbc1 Bd7 27. Rcd1
Rxd1 28. Rxd1 Bc6 29. Nxa6 Rb6 30. Nc5 Bxg2 31. Kxg2 Nf5 32. Rb1 Nd6 33. Nd7
Rc6 34. c5 Nb7 35. Rxb4 Nxc5 36. Rc4 Rd6 37. Nxc5 1-0

[Event "XXXIV Memorial Edoardo Crespi B"]
[Site "Milano ITA"]
[Date "2013.12.07"]
[Round "5"]
[White "Lamera, Giuseppe"]
[Black "Bracco, Valter"]
[WhiteElo "1494"]
[BlackElo "1492"]
[Result "0-1"]
[PlyCount "78"]
[EventDate "2013.12.04"]

1. c4 Nf6 2. Nc3 g6 3. b4 d6 4. Bb2 c6 5. Rb1 Nbd7 6. g3 Bg7 7. Bg2 O-O 8. Nf3
e5 9. e4 Nb6 10. d3 Bd7 11. a4 Nc8 12. O-O Re8 13. Ne1 Be6 14. Nc2 Ne7 15. Ne3
Bh6 16. Bc1 Bg7 17. Bf3 Qd7 18. Bg2 Rad8 19. Qc2 Qc8 20. Ne2 Rd7 21. f4 Rc7 22.
Bb2 Nd7 23. f5 gxf5 24. Nxf5 Bxf5 25. exf5 Nf6 26. Bh3 d5 27. Bxe5 Rd7 28. c5
Kh8 29. g4 Neg8 30. Bd4 Rde7 31. Rf2 Bh6 32. Rb2 Qc7 33. Ng3 Be3 34. Bxe3 Rxe3
35. Kg2 Qe7 36. Re2 d4 37. g5 Nd5 38. Nh5 Rxe2+ 39. Qxe2 Qxe2+ 0-1

[Event "XXXIV Memorial Edoardo Crespi B"]
[Site "Milano ITA"]
[Date "2013.12.07"]
[Round "5"]
[White "Lapitan, Eusebio"]
[Black "Torelli, Mauro"]
[WhiteElo "1668"]
[BlackElo "1713"]
[Result "1-0"]
[PlyCount "89"]
[EventDate "2013.12.04"]

1. e4 e6 2. Nf3 d5 3. e5 c5 4. b4 Qb6 5. bxc5 Bxc5 6. d4 Bb4+ 7. c3 Be7 8. a4
Nc6 9. Na3 a6 10. Bd3 f6 11. Qc2 f5 12. g4 Bxa3 13. Bxa3 Nge7 14. Rg1 g6 15.
Ke2 Bd7 16. Bd6 Na5 17. Rgb1 Qc6 18. g5 Rc8 19. Bc5 Nc4 20. Bxc4 dxc4 21. Rb6
Qe4+ 22. Qxe4 fxe4 23. Nd2 Bc6 24. Nxc4 Nd5 25. Nd6+ Kd7 26. Nxc8 Rxc8 27. Rb3
Nf4+ 28. Ke3 Nh3 29. Rab1 Nxg5 30. Bd6 Ke8 31. c4 h6 32. a5 Nf7 33. Bc5 Rc7 34.
Rg1 Nh8 35. Rg3 Rg7 36. Rb1 g5 37. Rd1 Rd7 38. h4 Nf7 39. hxg5 Nxg5 40. Rh1 Rf7
41. Rxh6 Rf3+ 42. Rxf3 exf3 43. Rg6 Ne4 44. Rxe6+ Kd7 45. Rxc6 1-0

[Event "XXXIV Memorial Edoardo Crespi B"]
[Site "Milano ITA"]
[Date "2013.12.07"]
[Round "5"]
[White "Macri', Vincenzo Roberto"]
[Black "Primerano, Carlo"]
[WhiteElo "1561"]
[BlackElo "1723"]
[Result "0-1"]
[PlyCount "126"]
[EventDate "2013.12.04"]

1. e4 d6 2. f4 Nf6 3. Bc4 Nxe4 4. Nf3 d5 5. Bb3 c6 6. d3 Nc5 7. Be3 Nxb3 8.
axb3 a6 9. Nbd2 Bg4 10. h3 Bxf3 11. Qxf3 Nd7 12. f5 Nf6 13. Qf2 e6 14. fxe6
fxe6 15. O-O Be7 16. Bb6 Qd7 17. Nf3 Bd6 18. Ng5 O-O 19. Rae1 e5 20. Qh4 h6 21.
Nf3 e4 22. dxe4 Nxe4 23. Be3 Bg3 24. Ne5 Bxh4 25. Nxd7 Bxe1 26. Nxf8 Bb4 27.
Ne6 Re8 28. Nf4 g5 29. Nd3 Bd6 30. Rf3 Rf8 31. Rxf8+ Kxf8 32. h4 Kf7 33. Nf2
Nxf2 34. Kxf2 Kg6 35. hxg5 hxg5 36. Kf3 Kf5 37. g4+ Kg6 38. Bf2 c5 39. Be1 Bf4
40. Bc3 Bc1 41. Be5 b5 42. Bd6 c4 43. bxc4 dxc4 44. Be5 Bd2 45. Ke2 Bf4 46. Bc3
Kf7 47. Kf3 Ke6 48. b3 cxb3 49. cxb3 Kd5 50. Ke2 Be5 51. Bd2 Bf4 52. Bc3 Ke4
53. Bb2 Be5 54. Bc1 Bf6 55. Be3 a5 56. Bd2 a4 57. bxa4 bxa4 58. Bc1 Be7 59. Kf2
a3 60. Kg2 a2 61. Bb2 Bd6 62. Bf6 Bf4 63. Bb2 Be5 0-1

[Event "XXXIV Memorial Edoardo Crespi B"]
[Site "Milano ITA"]
[Date "2013.12.07"]
[Round "5"]
[White "Madaschi, Sergio"]
[Black "Altissimo, Dino"]
[WhiteElo "1561"]
[BlackElo "1474"]
[Result "1-0"]
[PlyCount "81"]
[EventDate "2013.12.04"]

1. e4 e5 2. Nf3 d6 3. d4 exd4 4. Nxd4 Nc6 5. Nxc6 bxc6 6. Nc3 Be6 7. Be2 Nf6 8.
Be3 Be7 9. O-O O-O 10. Bf3 Bd7 11. Qe2 Qc8 12. h3 a6 13. Rfd1 Rd8 14. Qc4 Qb7
15. b3 Rab8 16. a4 Be6 17. Qd3 Bd7 18. Ne2 Qc8 19. Rab1 Bf8 20. Bd4 Be7 21. Ng3
c5 22. Bc3 Re8 23. Re1 Rd8 24. Qe2 Be6 25. Nh5 Nxh5 26. Bxh5 Bf8 27. Rbd1 Re8
28. Qd3 Rd8 29. Qg3 f6 30. Bxf6 Rd7 31. Bc3 Bf7 32. Bg4 Qd8 33. Bxd7 Qxd7 34.
Rd2 Qc8 35. Rde2 Bg6 36. e5 dxe5 37. Qxe5 Qd7 38. Rd2 Bd6 39. Qd5+ Qf7 40.
Qxf7+ Kxf7 41. Rde2 1-0

[Event "XXXIV Memorial Edoardo Crespi B"]
[Site "Milano ITA"]
[Date "2013.12.07"]
[Round "5"]
[White "Mandelli, Giacomo"]
[Black "Pandini, Giuseppe"]
[WhiteElo "1677"]
[BlackElo "1733"]
[Result "1-0"]
[PlyCount "73"]
[EventDate "2013.12.04"]

1. e4 b6 2. d4 e6 3. Nf3 Bb7 4. Bd3 d6 5. O-O Nd7 6. Nc3 a6 7. Be3 g6 8. Qd2 h6
9. Rae1 Ne7 10. h3 Bg7 11. Ne2 c5 12. c3 Qc7 13. c4 g5 14. d5 e5 15. Ng3 Nf6
16. b4 Bc8 17. bxc5 bxc5 18. Qc2 Ng6 19. Nf5 Bxf5 20. exf5 Nf4 21. Nd2 Qd7 22.
Rb1 O-O 23. Rb6 Rfb8 24. Rfb1 Rxb6 25. Rxb6 Nxd3 26. Qxd3 Bf8 27. Bxc5 Rc8 28.
Be3 a5 29. c5 Ne8 30. c6 Qd8 31. Rb7 Nc7 32. Bb6 a4 33. Ne4 f6 34. Qd2 Qe7 35.
Qa5 Qf7 36. Bxc7 Qh5 37. Nxf6+ 1-0

[Event "XXXIV Memorial Edoardo Crespi B"]
[Site "Milano ITA"]
[Date "2013.12.07"]
[Round "5"]
[White "Mariucci, Felice"]
[Black "Iacchetti, Giovanni"]
[WhiteElo "1716"]
[BlackElo "1728"]
[Result "1/2-1/2"]
[PlyCount "71"]
[EventDate "2013.12.04"]

1. Nf3 f5 2. e3 Nf6 3. b3 d6 4. Bc4 d5 5. Be2 Nc6 6. Bb2 g6 7. d3 Bg7 8. Nbd2
O-O 9. h4 Re8 10. Ng5 e5 11. e4 h6 12. exd5 Nxd5 13. Ngf3 Nf4 14. O-O Nb4 15.
Re1 b6 16. Bf1 Nc6 17. g3 Nh5 18. Nh2 Bb7 19. Be2 Nf6 20. Bf3 Rb8 21. Bxc6 Bxc6
22. f3 Nh5 23. Kg2 f4 24. g4 Ng3 25. Kh3 Bd7 26. Ne4 Nxe4 27. dxe4 Bf6 28. Qd5+
Kg7 29. Rad1 Re7 30. Rd2 Qh8 31. Kg2 Rd8 32. Red1 Rde8 33. Qc4 Be6 34. Qe2 Bc8
35. Qf2 c5 36. c4 1/2-1/2

[Event "XXXIV Memorial Edoardo Crespi B"]
[Site "Milano ITA"]
[Date "2013.12.07"]
[Round "5"]
[White "Mason, Giovanni"]
[Black "Pozzi, Luca"]
[WhiteElo "1574"]
[BlackElo "1738"]
[Result "0-1"]
[PlyCount "96"]
[EventDate "2013.12.04"]

1. e4 c5 2. Nf3 g6 3. d4 cxd4 4. Nxd4 Bg7 5. Nc3 d6 6. g3 Nf6 7. Bg2 O-O 8. O-O
Qb6 9. Na4 Qa6 10. Nc3 Bd7 11. Qe2 Qb6 12. Rd1 Bg4 13. Bf3 Bxf3 14. Nxf3 Nbd7
15. Rb1 Rac8 16. Be3 Qa5 17. b4 Qh5 18. Nd5 Nxd5 19. Rxd5 Ne5 20. Kg2 a6 21. h3
Qxf3+ 22. Qxf3 Nxf3 23. Kxf3 Rxc2 24. Rd2 Rfc8 25. Rbd1 R2c4 26. a3 b5 27. g4
Rc3 28. Rd3 Rxd3 29. Rxd3 Rc3 30. Rxc3 Bxc3 31. Bc1 e6 32. Ke2 Kg7 33. Kd3 Be5
34. f4 Ba1 35. Kc2 f5 36. exf5 gxf5 37. gxf5 exf5 38. Bb2+ Bxb2 39. Kxb2 Kh6
40. Kc3 Kh5 41. Kd4 Kh4 42. Kd5 Kxh3 43. Kxd6 Kg4 44. Kc6 h5 45. Kb6 h4 46.
Kxa6 h3 47. Kxb5 h2 48. a4 h1=Q 0-1

[Event "XXXIV Memorial Edoardo Crespi B"]
[Site "Milano ITA"]
[Date "2013.12.07"]
[Round "5"]
[White "Milazzo, Gianluca"]
[Black "Uccelli, Federico"]
[WhiteElo "1485"]
[BlackElo "1389"]
[Result "1/2-1/2"]
[PlyCount "119"]
[EventDate "2013.12.04"]

1. c4 e5 2. Nc3 Nc6 3. g3 Nf6 4. Bg2 Bb4 5. Nd5 Bc5 6. e3 d6 7. Ne2 a6 8. O-O
Be6 9. a3 Qd7 10. b4 Bb6 11. Bb2 Ne7 12. Nec3 Nexd5 13. Nxd5 Nxd5 14. cxd5 Bh3
15. d4 Bxg2 16. Kxg2 f6 17. dxe5 dxe5 18. Rc1 O-O-O 19. e4 Rhf8 20. f4 exf4 21.
Rf3 fxg3 22. hxg3 Kb8 23. Bd4 Bxd4 24. Qxd4 c6 25. Rd1 Kc7 26. Rfd3 cxd5 27.
exd5 Rfe8 28. d6+ Kb8 29. R3d2 Qc6+ 30. Kh2 Re5 31. Qf4 Rh5+ 32. Kg1 Qh1+ 33.
Kf2 Rh2+ 34. Ke3 Re8+ 35. Kd3 Qd5+ 36. Kc3 Rc8+ 37. Kb2 Rxd2+ 38. Rxd2 Qe5+ 39.
Qxe5 fxe5 40. Kb3 Rd8 41. Kc4 Kc8 42. Kd5 Kd7 43. Kxe5 Re8+ 44. Kd5 Re3 45. Rf2
Rxg3 46. Rf7+ Ke8 47. Rxb7 Rxa3 48. Rxg7 h5 49. Rh7 Rd3+ 50. Kc5 Rc3+ 51. Kb6
Rd3 52. Kxa6 Rxd6+ 53. Kb7 Rd7+ 54. Rxd7 Kxd7 55. b5 h4 56. b6 h3 57. Ka7 h2
58. b7 h1=Q 59. b8=Q Qa1+ 60. Kb7 1/2-1/2

[Event "XXXIV Memorial Edoardo Crespi B"]
[Site "Milano ITA"]
[Date "2013.12.07"]
[Round "5"]
[White "Paletta, Giuseppe"]
[Black "Nordio, Giorgio"]
[WhiteElo "1705"]
[BlackElo "1666"]
[Result "1-0"]
[PlyCount "71"]
[EventDate "2013.12.04"]

1. d4 c6 2. c4 d5 3. Nc3 Nf6 4. cxd5 cxd5 5. h3 Bf5 6. Bf4 a6 7. Nf3 e6 8. e3
Nc6 9. a3 Bd6 10. Ne5 Bxe5 11. Bxe5 O-O 12. Bd3 Bxd3 13. Qxd3 Qe7 14. O-O Rac8
15. Bh2 Na5 16. Rfe1 Nc4 17. Re2 Nd6 18. f3 Qd7 19. e4 Nc4 20. Rc2 Rfd8 21. e5
Ne8 22. Rf1 Rc6 23. Na4 Rdc8 24. Nc5 Qe7 25. b4 b6 26. Na4 Qd7 27. Bf4 Nxe5 28.
Bxe5 Rxc2 29. Nxb6 R8c3 30. Qxc2 Qc6 31. Qb2 Rc2 32. Qb1 Rc3 33. Qb2 Rc2 34.
Qb3 Rc3 35. Qa4 Qxa4 36. Nxa4 1-0

[Event "XXXIV Memorial Edoardo Crespi B"]
[Site "Milano ITA"]
[Date "2013.12.07"]
[Round "5"]
[White "Pavlidis, Pavlos"]
[Black "Lachat, Martin"]
[WhiteElo "1459"]
[BlackElo "1663"]
[Result "1-0"]
[PlyCount "63"]
[EventDate "2013.12.04"]

1. e4 e5 2. Nf3 d6 3. h3 Nf6 4. Nc3 Be7 5. Bc4 O-O 6. O-O Nc6 7. d3 Na5 8. Bb3
Nxb3 9. axb3 c6 10. Ne2 Bd7 11. Ng3 Qc8 12. Nh2 Be6 13. Bg5 h6 14. Be3 b6 15.
Qf3 Kh8 16. d4 Nd7 17. Qh5 Nf6 18. Qf3 Nh7 19. Qh5 exd4 20. Bxd4 Bf6 21. Nf3
Bxd4 22. Nxd4 Nf6 23. Qf3 Qc7 24. Ndf5 Bxf5 25. Nxf5 Rae8 26. Rfe1 Re5 27. Qg3
Nh5 28. Qg4 g6 29. Rad1 d5 30. exd5 Rfe8 31. Rxe5 Rxe5 32. d6 1-0

[Event "XXXIV Memorial Edoardo Crespi B"]
[Site "Milano ITA"]
[Date "2013.12.07"]
[Round "5"]
[White "Pollio, Ciro"]
[Black "D'Apa, Massimo"]
[WhiteElo "1764"]
[BlackElo "1724"]
[Result "0-1"]
[PlyCount "64"]
[EventDate "2013.12.04"]

1. d4 Nf6 2. c4 d6 3. Nc3 g6 4. e4 Bg7 5. f3 O-O 6. Be3 Nbd7 7. Bd3 e5 8. d5 a6
9. Nge2 Nh5 10. O-O f5 11. exf5 gxf5 12. Bxf5 Rxf5 13. g4 Rf7 14. gxh5 Qh4 15.
Ne4 Nf6 16. Bg5 Qxh5 17. N2g3 Qg6 18. Bxf6 Bxf6 19. Kh1 Kh8 20. Qd2 Bh3 21. Rg1
Raf8 22. Rae1 Bh4 23. Re3 Rxf3 24. Rxf3 Rxf3 25. Qe2 Bg4 26. Qg2 Rf4 27. Nd2
Bxg3 28. hxg3 Qh5+ 29. Qh2 Qxh2+ 30. Kxh2 Rd4 31. Rg2 e4 32. b3 e3 0-1

[Event "XXXIV Memorial Edoardo Crespi B"]
[Site "Milano ITA"]
[Date "2013.12.07"]
[Round "5"]
[White "Ragoso, Mario"]
[Black "Andolfatto, Maria"]
[WhiteElo "1645"]
[BlackElo "1496"]
[Result "1-0"]
[PlyCount "97"]
[EventDate "2013.12.04"]

1. d4 d5 2. c4 e6 3. Nc3 Nf6 4. Bg5 Be7 5. e3 a6 6. Nf3 O-O 7. Bd3 dxc4 8. Bxc4
b5 9. Bd3 c5 10. dxc5 Bxc5 11. Qc2 h6 12. Bxf6 Qxf6 13. O-O Qe7 14. Ne4 Bb6 15.
Rac1 Nd7 16. Qc6 Ra7 17. Qd6 Qxd6 18. Nxd6 Rc7 19. g3 Nc5 20. Bb1 Bb7 21. Nxb7
Nxb7 22. Rxc7 Bxc7 23. Rc1 Rc8 24. b4 Nd6 25. Bd3 Bd8 26. Rxc8 Nxc8 27. Ne5 Na7
28. Nd7 a5 29. bxa5 Bxa5 30. Kf1 f6 31. Bg6 Nc6 32. Bd3 b4 33. Bc4 Kf7 34. Nc5
Nd8 35. Ke2 Ke7 36. Kd3 Kd6 37. Nb3 Bb6 38. Bb5 Kd5 39. e4+ Ke5 40. f4+ Kd6 41.
g4 g6 42. Be8 g5 43. f5 exf5 44. exf5 Bf2 45. Kc4 Be1 46. Nd4 Bc3 47. Nc2 Be5
48. h3 Nb7 49. Kxb4 1-0

[Event "XXXIV Memorial Edoardo Crespi B"]
[Site "Milano ITA"]
[Date "2013.12.07"]
[Round "5"]
[White "Ricci, Leonardo"]
[Black "Mazzoccoli, Simone"]
[WhiteElo "1621"]
[BlackElo "1770"]
[Result "1/2-1/2"]
[PlyCount "74"]
[EventDate "2013.12.04"]

1. e4 c5 2. Nf3 Nc6 3. d4 cxd4 4. Nxd4 g6 5. Be3 Bg7 6. Nc3 Nf6 7. f3 d5 8. Bb5
Bd7 9. Nxd5 Nxd5 10. exd5 Nxd4 11. Bxd7+ Qxd7 12. Bxd4 O-O 13. Bxg7 Kxg7 14.
O-O Rfd8 15. c4 Qd6 16. b3 e6 17. Qd4+ Kg8 18. Rad1 exd5 19. Kh1 Qb4 20. Qf6
Qb6 21. Qxb6 axb6 22. Rxd5 Rxd5 23. cxd5 Rxa2 24. Rd1 Kf8 25. Kg1 Ke7 26. Rd4
Kd6 27. Rb4 Kc5 28. Re4 Kd6 29. Rb4 Ra6 30. Rb5 Kc7 31. b4 Ra2 32. h4 f5 33.
Kh2 f4 34. Kh3 h5 35. g3 Rf2 36. d6+ Kc6 37. Rd5 Kd7 1/2-1/2

[Event "XXXIV Memorial Edoardo Crespi B"]
[Site "Milano ITA"]
[Date "2013.12.07"]
[Round "5"]
[White "Russo, Luca"]
[Black "Fantina, Carla"]
[WhiteElo "1593"]
[BlackElo "1437"]
[Result "1-0"]
[PlyCount "47"]
[EventDate "2013.12.04"]

1. e4 d6 2. d4 Nf6 3. Nc3 g6 4. Nf3 Bg7 5. e5 dxe5 6. Nxe5 O-O 7. Bc4 c6 8. O-O
e6 9. Re1 Nbd7 10. Bg5 h6 11. Bh4 Nb6 12. Bb3 Nbd5 13. Qf3 g5 14. Bg3 Nxc3 15.
bxc3 Nd5 16. c4 Nf6 17. c3 a5 18. a4 Bd7 19. Rab1 Qc7 20. Bc2 c5 21. Qd3 Bc6
22. Ng4 Be4 23. Nxf6+ Bxf6 24. Qxe4 1-0

[Event "XXXIV Memorial Edoardo Crespi B"]
[Site "Milano ITA"]
[Date "2013.12.07"]
[Round "5"]
[White "Silivri, Volkan Resat"]
[Black "Verderame, Alberto"]
[WhiteElo "1650"]
[BlackElo "1462"]
[Result "1-0"]
[PlyCount "59"]
[EventDate "2013.12.04"]

1. e4 d6 2. d4 Nf6 3. Nc3 c6 4. f4 Qa5 5. Bd2 Bg4 6. Nf3 Qc7 7. h3 Bxf3 8. Qxf3
e5 9. dxe5 dxe5 10. Bc4 Be7 11. O-O-O b5 12. Bb3 O-O 13. g4 b4 14. Ne2 a5 15.
g5 Nfd7 16. f5 a4 17. Bc4 Nb6 18. Bd3 c5 19. f6 Bxf6 20. gxf6 c4 21. Rhg1 g6
22. Bxb4 cxd3 23. Rxd3 Rc8 24. Rc3 Qb7 25. Qh5 N8d7 26. Be7 Kh8 27. Rxc8+ Rxc8
28. Qh6 Rg8 29. Rg4 Nf8 30. Bxf8 1-0

[Event "XXXIV Memorial Edoardo Crespi B"]
[Site "Milano ITA"]
[Date "2013.12.07"]
[Round "5"]
[White "Tomarchio, Cono"]
[Black "Del Frate, Walter"]
[WhiteElo "1471"]
[BlackElo "1539"]
[Result "0-1"]
[PlyCount "44"]
[EventDate "2013.12.04"]

1. e4 e6 2. d4 d5 3. Nc3 Nf6 4. exd5 exd5 5. Bg5 c6 6. Nf3 Be7 7. Bxf6 Bxf6 8.
Be2 O-O 9. O-O Bf5 10. Bd3 Bg4 11. h3 Bxf3 12. Qxf3 Bxd4 13. Nd1 Nd7 14. c3 Bb6
15. Qe2 Re8 16. Qc2 Nf6 17. Ne3 Bxe3 18. fxe3 Rxe3 19. Qd2 Qb6 20. Kh1 Rae8 21.
Qc2 Qd8 22. Qf2 Rxd3 0-1

[Event "XXXIV Memorial Edoardo Crespi B"]
[Site "Milano ITA"]
[Date "2013.12.07"]
[Round "5"]
[White "Trent, Alan M."]
[Black "Manca, Renato"]
[WhiteElo "1700"]
[BlackElo "1629"]
[Result "1-0"]
[PlyCount "38"]
[EventDate "2013.12.04"]

1. e4 c5 2. Nc3 d6 3. f4 e5 4. f5 Nc6 5. Nf3 Be7 6. Bc4 Nf6 7. d3 Nd4 8. O-O d5
9. Nxd5 b5 10. Nxf6+ Bxf6 11. Bd5 Rb8 12. Nxd4 cxd4 13. Qh5 O-O 14. Rf3 Qa5 15.
Bg5 Bxg5 16. Qxg5 h6 17. Qg6 Be6 18. Bxe6 fxe6 19. Qxe6+ Kh8 1-0

[Event "XXXIV Memorial Edoardo Crespi B"]
[Site "Milano ITA"]
[Date "2013.12.07"]
[Round "5"]
[White "Viotti, Alberto"]
[Black "Bianchi, Paolo"]
[WhiteElo "1609"]
[BlackElo "1692"]
[Result "1/2-1/2"]
[PlyCount "31"]
[EventDate "2013.12.04"]

1. d4 Nf6 2. Nf3 g6 3. Bg5 Bg7 4. Nbd2 d5 5. e3 Bg4 6. Bd3 O-O 7. O-O Nbd7 8.
c4 c6 9. h3 Bxf3 10. Nxf3 Re8 11. Bf4 dxc4 12. Bxc4 Nd5 13. Bg3 e6 14. Qb3 N5b6
15. Bd3 c5 16. Bb5 1/2-1/2

[Event "XXXIV Memorial Edoardo Crespi B"]
[Site "Milano ITA"]
[Date "2013.12.08"]
[Round "6"]
[White "Altissimo, Dino"]
[Black "Gonella, Graziano"]
[WhiteElo "1474"]
[BlackElo "1155"]
[Result "0-1"]
[PlyCount "124"]
[EventDate "2013.12.04"]

1. e4 e5 2. Nf3 Nc6 3. Bc4 f5 4. d3 fxe4 5. dxe4 Nf6 6. Nc3 d6 7. Ng5 Qe7 8.
Nd5 Nxd5 9. Bxd5 Nd4 10. Bf7+ Kd8 11. O-O h6 12. Qh5 Nxc2 13. Rb1 Nd4 14. Nf3
Ne2+ 15. Kh1 Nxc1 16. Rbxc1 Be6 17. Bxe6 Qxe6 18. a3 g6 19. Qh3 Qxh3 20. gxh3
g5 21. Rc2 b6 22. a4 a5 23. Rfc1 c5 24. b3 Rh7 25. Kg2 Rc8 26. Nd2 Rd7 27. Nc4
Rc6 28. f3 Bg7 29. Rd1 Ke7 30. Kg3 Ke6 31. Kg4 Rf7 32. Rcd2 Rf4+ 33. Kg3 Bf8
34. Rd3 Be7 35. Kg2 Rh4 36. Ne3 Rf4 37. Nd5 Rf7 38. Ne3 Bf8 39. Nf5 Rd7 40. Ne3
Rd8 41. Nf5 c4 42. Rc3 Rdc8 43. Rdc1 d5 44. bxc4 Rxc4 45. Rxc4 Rxc4 46. Rxc4
dxc4 47. Ne3 c3 48. Nc2 Kd6 49. Kf2 Kc5 50. Ke3 Kc4 51. Ke2 Kb3 52. Kd3 Bb4 53.
h4 gxh4 54. h3 Kxa4 55. Kc4 b5+ 56. Kd5 Kb3 57. Ne3 a4 58. Kxe5 a3 59. Kd5 a2
60. e5 a1=Q 61. e6 c2 62. e7 Bxe7 0-1

[Event "XXXIV Memorial Edoardo Crespi B"]
[Site "Milano ITA"]
[Date "2013.12.08"]
[Round "6"]
[White "Andolfatto, Maria"]
[Black "Milazzo, Gianluca"]
[WhiteElo "1496"]
[BlackElo "1485"]
[Result "1-0"]
[PlyCount "51"]
[EventDate "2013.12.04"]

1. e4 d6 2. d4 Nf6 3. f3 Nbd7 4. c4 e5 5. d5 Be7 6. Nc3 O-O 7. g3 a5 8. b3 Nc5
9. Bg2 Ne8 10. Nh3 f5 11. O-O Nf6 12. Nf2 fxe4 13. fxe4 Bd7 14. Nd3 Na6 15. a3
c6 16. b4 axb4 17. axb4 Qb6+ 18. c5 dxc5 19. Be3 Ng4 20. Rxf8+ Rxf8 21. Na4 Qb5
22. Bxc5 Nxc5 23. Naxc5 Qb6 24. dxc6 Bxc6 25. Qxg4 Rd8 26. Qe6+ 1-0

[Event "XXXIV Memorial Edoardo Crespi B"]
[Site "Milano ITA"]
[Date "2013.12.08"]
[Round "6"]
[White "Baronio, Gaia"]
[Black "Versari, Marino"]
[WhiteElo "1591"]
[BlackElo "1600"]
[Result "1-0"]
[PlyCount "51"]
[EventDate "2013.12.04"]

1. e4 c5 2. c3 Nc6 3. d4 cxd4 4. cxd4 d5 5. e5 Bf5 6. Nf3 e6 7. Bd3 Bxd3 8.
Qxd3 Bb4+ 9. Nc3 Nge7 10. O-O h6 11. a3 Ba5 12. Be3 a6 13. Rac1 b5 14. b4 Bb6
15. Rfd1 O-O 16. Ne2 Rc8 17. Ng3 f5 18. Ne2 Ng6 19. Nf4 Nxf4 20. Bxf4 g5 21.
Be3 Ne7 22. Rxc8 Nxc8 23. Rc1 Qe8 24. h3 Bd8 25. Rxc8 Qd7 26. Qc2 1-0

[Event "XXXIV Memorial Edoardo Crespi B"]
[Site "Milano ITA"]
[Date "2013.12.08"]
[Round "6"]
[White "Bianchi, Angelo Massimo"]
[Black "Mariucci, Felice"]
[WhiteElo "1783"]
[BlackElo "1716"]
[Result "1/2-1/2"]
[PlyCount "82"]
[EventDate "2013.12.04"]

1. e4 d6 2. d4 Nf6 3. Nc3 g6 4. Be3 Bg7 5. Qd2 Nc6 6. f3 a6 7. Be2 b5 8. a3 Bb7
9. Nh3 Rb8 10. Nf2 Bc8 11. Nd3 e6 12. Nd1 h6 13. Nb4 Nxb4 14. Qxb4 Bb7 15. Qd2
Rc8 16. Nf2 Qe7 17. O-O c5 18. dxc5 dxc5 19. Rad1 Nd7 20. c3 c4 21. Qd6 Bf8 22.
Qd4 e5 23. Qd2 Bc6 24. a4 Nc5 25. axb5 axb5 26. Bxc5 Qxc5 27. Ra1 Bg7 28. Rfd1
Bf8 29. Kf1 Be7 30. Qc1 O-O 31. Qxh6 Bf6 32. Qc1 Kg7 33. Ng4 Rh8 34. Nxf6 Rxh2
35. Ke1 Kxf6 36. Bf1 Kg7 37. Qd2 Rh5 38. Qf2 Qe7 39. Ra7 Qg5 40. Qd2 Qg3+ 41.
Qf2 Qg5 1/2-1/2

[Event "XXXIV Memorial Edoardo Crespi B"]
[Site "Milano ITA"]
[Date "2013.12.08"]
[Round "6"]
[White "Bianchi, Paolo"]
[Black "Russo, Luca"]
[WhiteElo "1692"]
[BlackElo "1593"]
[Result "1/2-1/2"]
[PlyCount "95"]
[EventDate "2013.12.04"]

1. Nf3 Nf6 2. d4 g6 3. b3 Bg7 4. Bb2 d5 5. g3 O-O 6. Bg2 Bf5 7. Nbd2 Nbd7 8.
O-O Rc8 9. c4 c6 10. e3 Ne4 11. Nh4 Nxd2 12. Qxd2 Be6 13. c5 Nf6 14. b4 Ne4 15.
Qe1 Rb8 16. a3 Bc8 17. Qe2 b6 18. Bxe4 dxe4 19. cxb6 Rxb6 20. Qc2 Qd5 21. Rac1
Bh3 22. Ng2 Qf5 23. f3 Bxg2 24. Qxg2 exf3 25. Rxf3 Qe4 26. Rc5 Rfb8 27. Qe2 Rb5
28. Rf4 Qe6 29. Rxb5 Rxb5 30. Qc2 Bh6 31. Re4 Qd7 32. Kg2 Qd5 33. Kf2 Qf5+ 34.
Ke2 Qh5+ 35. Kd3 Rd5 36. Rxe7 Qf3 37. Bc1 Bg7 38. Bb2 Bh6 39. Qxc6 Qd1+ 40. Kc4
Rh5 41. Re5 Qe2+ 42. Kb3 Rxh2 43. Qc3 Rg2 44. Re8+ Bf8 45. d5 Qd1+ 46. Ka2
Qxd5+ 47. Kb1 Qf5+ 48. Ka2 1/2-1/2

[Event "XXXIV Memorial Edoardo Crespi B"]
[Site "Milano ITA"]
[Date "2013.12.08"]
[Round "6"]
[White "Biot, Thomas"]
[Black "Mason, Giovanni"]
[WhiteElo "1509"]
[BlackElo "1574"]
[Result "1-0"]
[PlyCount "53"]
[EventDate "2013.12.04"]

1. e4 c5 2. b4 cxb4 3. a3 e5 4. Bc4 Nf6 5. Nh3 Nc6 6. Ng5 d5 7. exd5 Na5 8.
Bb5+ Bd7 9. Bxd7+ Qxd7 10. axb4 Nc4 11. O-O Bxb4 12. d3 Nb6 13. c4 O-O 14. Qb3
Bc5 15. Nc3 a6 16. Nge4 Nxe4 17. Nxe4 Bd4 18. Bb2 Bxb2 19. Qxb2 Nc8 20. Qxe5
Re8 21. Qg5 h6 22. Nf6+ Kh8 23. Qxh6+ gxh6 24. Nxd7 Kg7 25. Rfb1 Nd6 26. Rb6
Nf5 27. Rxb7 1-0

[Event "XXXIV Memorial Edoardo Crespi B"]
[Site "Milano ITA"]
[Date "2013.12.08"]
[Round "6"]
[White "Botta, Massimiliano"]
[Black "Pollio, Ciro"]
[WhiteElo "1695"]
[BlackElo "1764"]
[Result "1-0"]
[PlyCount "51"]
[EventDate "2013.12.04"]

1. e4 c5 2. Nf3 a6 3. Nc3 Nc6 4. d4 cxd4 5. Nxd4 Qc7 6. Be3 Nf6 7. f4 e5 8.
fxe5 Qxe5 9. Nf3 Qc7 10. Qe2 Bb4 11. Bd2 O-O 12. a3 Ba5 13. O-O-O b5 14. Nd5
Bxd2+ 15. Rxd2 Nxd5 16. exd5 b4 17. dxc6 bxa3 18. bxa3 Qa5 19. Rd3 dxc6 20. Qe5
Qb6 21. Rb3 Qd8 22. Bc4 Qd7 23. Ng5 Qg4 24. Bxf7+ Rxf7 25. Nxf7 Be6 26. Rg3 1-0

[Event "XXXIV Memorial Edoardo Crespi B"]
[Site "Milano ITA"]
[Date "2013.12.08"]
[Round "6"]
[White "Bracco, Valter"]
[Black "Uccelli, Federico"]
[WhiteElo "1492"]
[BlackElo "1389"]
[Result "1-0"]
[PlyCount "49"]
[EventDate "2013.12.04"]

1. e4 e5 2. Nf3 Nc6 3. Bb5 a6 4. Ba4 Nf6 5. O-O b5 6. Bb3 Bc5 7. c3 Nxe4 8. d4
exd4 9. cxd4 Be7 10. Qe2 Nf6 11. Re1 O-O 12. d5 Na5 13. Qxe7 Qxe7 14. Rxe7 Nxb3
15. axb3 Nxd5 16. Re2 d6 17. Nc3 Be6 18. Nxd5 Bxd5 19. Re3 Rfe8 20. Bd2 Rxe3
21. Bxe3 Bxb3 22. Nd4 Be6 23. Nxb5 Rb8 24. Nxc7 Rxb2 25. Nxa6 1-0